LEADER 01364nam a2200289 u 4500 001 000000079839 003 CaOOAMICUS 005 20070226123601.0 008 040615s1996 mdu u000 u eng u 020 $a0847683753 035 $a10999515 040 $aPUL$bita 245 00$aDifference and dissent :$btheories of toleration in medieval and early modern Europe /$cedited by Cary J. Nederman and John Christian Laursen. 260 $aLanham :$bRowman & Littlefield,$cc1996. 300 $aix, 240 p. ;$c24 cm 504 $aComprende bibliografia. 650 4$aTolleranza religiosa.$0(OLS)http://pul/subject/24021 651 4$aEuropa$xPolitica e governo.$0(OLS)http://pul/subject/19001 651 4$aEuropa$xReligione$xStoria.$0(OLS)http://pul/subject/1379 700 1 $aLaursen, John Christian.$0(OLS)http://pul/name/53197 700 1 $aNederman, Cary J.$0(OLS)http://pul/name/53196 850 $aPUL 852 $aPUL$W1$xSL Diritto e Scienze Sociali 3$y79$m323. 44 NEDCA 1$j120120$nBK-PRI$qDDC 21$B102078$CPULBib$Z2$F102078 $H88050 $82 941 1 $a9 996 $6020$a0847683753$9(OLS)http://pul/number/105215 996 $6245$aDifference and dissent :$btheories of toleration in medieval and early modern Europe$9(OLS)http://pul/title/104581 996 $6260$aLanham :$bRowman & Littlefield$9(OLS)http://pul/publisher/75694 LEADER 01364nam a2200313 a 4500 001 000000163234 003 CaOOAMICUS 005 20171009100645.0 008 171009s2017 it u000 u ita r 020 $z978-88-08-52104-0* 032 $aLibriCat 040 $aPUL$bita 082 04$a349.45 100 1 $aDe Nictolis, Rosanna.$0(OLS)http://pul/name/70229 245 12$aI nuovi appalti pubblici : appalti e concessioni dopo il d.lgs. 56/2017 /$cRosanna De Nictolis. 260 $aBologna :$bZanichelli,$c2017. 300 $aXCVIII, 2430 p. ;$c25 cm. 490 1 $aLe riforme del diritto italiano ;$v23 504 $aBibliografia in nota. 650 4$aAppalti$xLegislazione$zItalia.$0(OLS)http://pul/subject/33607 830 3$aLe riforme del diritto italiano (Zanichelli) ;$v23.$0(OLS)http://pul/title/138577 850 $aPUL 852 $aPUL$W1$xSL Diritto e Scienze Sociali 3$y79$m349. 45 COLL 1.23$j187286$qDDC 21$B190449$CPULBib$Z2$F190449 $H130125 $81 941 1 $a9 996 $6020$z978-88-08-52104-0*$9(OLS)http://pul/number/163187 996 $6082$a349.45$9(OLS)http://pul/classification/1808 996 $6245$aI nuovi appalti pubblici : appalti e concessioni dopo il d.lgs. 56/2017$9(OLS)http://pul/title/202968 996 $6260$aBologna :$bZanichelli$9(OLS)http://pul/publisher/48255